| 000 | 01240nam a2200373 a 4500 | ||
|---|---|---|---|
| 001 | 20695 | ||
| 003 | VRT | ||
| 005 | 20260130102444.0 | ||
| 008 | 950616s1988 xo g 000 1 slo c | ||
| 035 | _aUKB000171471 | ||
| 039 | 9 |
_a201707181246 _bfuskovaz _c201703061326 _dgluc |
|
| 040 |
_aBAA001 _bslo _cBAA001 _eAACR2 |
||
| 041 | 1 |
_aslo _heng |
|
| 044 |
_axo _cSK |
||
| 084 |
_aW 6(4VB)-644.61 Z' 44 _2UKB |
||
| 100 | 1 |
_aUpfield, Arthur William, _d1888-1964 |
|
| 245 | 1 | 0 |
_aVražda musí počkať ; Vôľa kmeňa ; Prekliaty dom _cArthur Upfield ; [z angl. orig. prel. Pavel Branko] |
| 260 |
_aBratislava _bSlovenský spisovateľ _c1988 |
||
| 300 | _a539 s. | ||
| 490 | 1 | _aZelená knižnica | |
| 500 | _aDokument obsahuje 3 diela od autora | ||
| 530 | _aDostupný aj zvukový záznam | ||
| 700 | 1 |
_aBranko, Pavel _4trl |
|
| 740 | 0 | 2 | _aVôľa kmeňa |
| 740 | 0 | 2 | _aPrekliaty dom |
| 776 | 0 |
_tPrekliaty dom _i[zvukový záznam] |
|
| 830 | 0 | _aZelená knižnica | |
| 910 | _aukb | ||
| 942 |
_2ddc _cKLDO _n0 |
||
| 949 |
_61800339658 _a30.D.16067 _bPV.4023-88 |
||
| 949 |
_6171471-20 _aSL.D.05729 _bPV.4024-88 |
||
| 949 |
_6171471-30 _a30.D.16067 _bKD.1101-88 _s4700:20121214 |
||
| 949 |
_6171471-40 _a30.D.16067 _bKD.1102-88 _s4700:20121214 |
||
| 999 |
_c20695 _d20695 |
||